000 00520nam a2200205Ia 4500
001 14907
003 GE_BSU
008 181216s||||||||xx |||||||||||||| ||und||
040 _cGE_BSU
080 _a53(092)
100 _aБицадзе,А.В.
245 _aИлья Несторович Векуа
260 _aМосква
260 _bМецниереба
260 _c1967
300 _a46стр.
300 _eБиблиогр. стр.39
653 _aИлья Несторович Векуа
942 _cBK
999 _c48027
_d48027